书目信息 |
| 题名: |
烹饪原料学
|
|
| 作者: | 阎红 编著 | |
| 分册: | ||
| 出版信息: | 北京 旅游教育出版社 2008.05 |
|
| 页数: | 276页 | |
| 开本: | 23cm | |
| 丛书名: | ||
| 单 册: | ||
| 中图分类: | TS972.111 | |
| 科图分类: | ||
| 主题词: | 烹饪--原料--高等教育--教材 , 烹饪 | |
| 电子资源: | ||
| ISBN: | 978-7-5637-1637-1 | |
| 000 | 00892nam0 2200277 450 | |
| 001 | 004202729 | |
| 005 | 20090714103046.0 | |
| 010 | @a978-7-5637-1637-1@dCNY28.00 | |
| 035 | @a004202729 | |
| 100 | @a20090706d2008 em y0chiy0110 ea | |
| 101 | 0 | @achi |
| 102 | @aCN@b110000 | |
| 105 | @aa z 000yy | |
| 106 | @ar | |
| 200 | 1 | @a烹饪原料学@Apeng ren yuan liao xue@f阎红编著 |
| 210 | @a北京@c旅游教育出版社@d2008.05 | |
| 215 | @a276页@c图@d23cm | |
| 300 | @a普通高等教育“十一五”国家级规划教材 高等职业教育餐饮管理与服务专业教学用书 | |
| 330 | @a本书介绍了烹饪原料的一般性知识,阐述了各类烹饪原料的常用种类、品质特点,以及烹饪运用规律等理论知识。 | |
| 606 | 0 | @a烹饪@x原料@x高等教育@j教材 |
| 606 | 0 | @a烹饪 |
| 690 | @aTS972.111@v4 | |
| 701 | 0 | @a阎红@Ayan hong@c(女,@f1963.10~)@4编著 |
| 801 | 0 | @aCN@bNLC@c20090715 |
| 905 | @aBZT@dTS972.111@e2@f5 | |
| 906 | @dCNY28.00@n0@r1 | |
| 烹饪原料学/阎红编著.-北京:旅游教育出版社,2008.05 |
| 276页:图;23cm |
| 普通高等教育“十一五”国家级规划教材 高等职业教育餐饮管理与服务专业教学用书 |
| ISBN 978-7-5637-1637-1:CNY28.00 |
| 本书介绍了烹饪原料的一般性知识,阐述了各类烹饪原料的常用种类、品质特点,以及烹饪运用规律等理论知识。 |
| ● |
| 相关链接 |
|
|
|
正题名:烹饪原料学
索取号:TS972.111/2
 
预约/预借
| 序号 | 登录号 | 条形码 | 馆藏地/架位号 | 状态 | 备注 |
| 1 | 748526 | 2000748526 | 中心书库中库/ 中库024架A面2列4层71/ [索取号:TS972.111/2] | 在馆 | |
| 2 | 748527 | 2000748527 | 中心书库中库/ 中库024架A面2列4层70/ [索取号:TS972.111/2] | 在馆 | |
| 3 | 748528 | 2000748528 | 中心书库中库/ 中库024架A面2列4层73/ [索取号:TS972.111/2] | 在馆 | |
| 4 | 748529 | 2000748529 | 中心书库中库/ 中库024架A面2列4层72/ [索取号:TS972.111/2] | 在馆 | |
| 5 | 748530 | 2000748530 | 中心书库中库/ 中库024架A面2列4层69/ [索取号:TS972.111/2] | 在馆 |